[Event "Quebec-ch U20"]
[Site "Montreal CAN"]
[Date "2019.04.28"]
[Round "5.4"]
[White "Wu, Tony (Dongze)"]
[Black "Kirakov, Marin"]
[Result "1-0"]
[WhiteElo "1997"]
[BlackElo "1656"]
[PlyCount "113"]
[EventDate "2019.04.26"]
[EventType "swiss"]
[EventRounds "5"]
[EventCountry "CAN"]

1. d4 Nf6 2. c4 e6 3. g3 d5 4. Nf3 c6 5. Bg2 Be7 6. O-O O-O 7. Nc3 Nbd7 8. Nd2
b6 9. e4 dxe4 10. Ndxe4 Bb7 11. Qe2 Qc7 12. Rd1 Rfe8 13. Be3 Rad8 14. Rac1 Nxe4
15. Nxe4 Nf6 16. Bf4 Qc8 17. c5 Nd5 18. Bd6 Nc7 19. b4 Nb5 20. d5 bxc5 21. Bxe7
Rxe7 22. d6 Red7 23. bxc5 Ba6 24. Qf3 e5 25. Bh3 Nd4 26. Rxd4 exd4 27. Bf5 Qb8
28. Bxh7+ Kxh7 29. Qh5+ Kg8 30. Rd1 Bd3 31. Rxd3 Qb1+ 32. Qd1 Qxa2 33. Rxd4 Qe6
34. Qa4 Qe5 35. f4 Qe6 36. Qxc6 f5 37. Nf2 Qf6 38. Qd5+ Qf7 39. Nd3 Qxd5 40.
Rxd5 a5 41. Ne5 Ra7 42. Nc6 Raa8 43. Nxd8 a4 44. Rd2 Rxd8 45. c6 a3 46. c7 Ra8
47. d7 a2 48. Rxa2 Rxa2 49. d8=Q+ Kh7 50. Qh4+ Kg8 51. c8=Q+ Kf7 52. Qxf5+ Kg8
53. Qe6+ Kf8 54. Qxa2 g5 55. fxg5 Ke7 56. g6+ Kf8 57. Qf7# 1-0

[Event "Quebec-ch U20"]
[Site "Montreal CAN"]
[Date "2019.04.28"]
[Round "5.5"]
[White "Bilodeau-Savaria, Carl-William"]
[Black "Richard, Leo"]
[Result "0-1"]
[WhiteElo "1319"]
[BlackElo "2100"]
[PlyCount "26"]
[EventDate "2019.04.26"]
[EventType "swiss"]
[EventRounds "5"]
[EventCountry "CAN"]

1. e4 d6 2. d4 Nf6 3. Bd3 c5 4. d5 c4 5. Bxc4 Nxe4 6. Bb5+ Bd7 7. Bxd7+ Nxd7 8.
c4 Rc8 9. Qe2 Nef6 10. Nf3 Nxd5 11. Na3 N5b6 12. Nb5 Nxc4 13. Bd2 a6 0-1

[Event "Quebec-ch U20"]
[Site "Montreal CAN"]
[Date "2019.04.28"]
[Round "5.6"]
[White "Hu, Raymond"]
[Black "Guipi Bopala, Prince Eric jr"]
[Result "1/2-1/2"]
[WhiteElo "1462"]
[BlackElo "1843"]
[PlyCount "48"]
[EventDate "2019.04.26"]
[EventType "swiss"]
[EventRounds "5"]
[EventCountry "CAN"]

1. e4 e5 2. Nf3 Nc6 3. Bb5 a6 4. Ba4 Nf6 5. O-O Be7 6. Re1 b5 7. Bb3 O-O 8. c3
d5 9. exd5 Nxd5 10. h3 Bf6 11. d4 exd4 12. cxd4 Bf5 13. Be3 b4 14. Bc2 Nxe3 15.
fxe3 Bxc2 16. Qxc2 Qd7 17. Nbd2 Ne7 18. Rac1 Rfe8 19. Ne4 Qe6 20. Nc5 Qd6 21.
Ne4 Qe6 22. Nc5 Qd6 23. Ne4 Qe6 24. Nc5 Qd6 1/2-1/2

[Event "Quebec-ch U20 Participation"]
[Site "Montreal CAN"]
[Date "2019.04.26"]
[Round "1.3"]
[White "Hu, Richard"]
[Black "Zhang, Kevin"]
[Result "0-1"]
[WhiteElo "1086"]
[BlackElo "943"]
[PlyCount "150"]
[EventDate "2019.04.26"]
[EventType "swiss"]
[EventRounds "5"]
[EventCountry "CAN"]

1. e4 c5 2. Nf3 d6 3. Nc3 g6 4. d3 Nf6 5. Be3 b6 6. Be2 Bg7 7. Qd2 O-O 8. h3 a5
9. g4 Ba6 10. Bh6 b5 11. Bxg7 Kxg7 12. a3 Nc6 13. g5 Nh5 14. Nh2 Nd4 15. Bxh5
gxh5 16. Qd1 e6 17. Rg1 h4 18. Nf3 b4 19. axb4 axb4 20. Na2 Nxf3+ 21. Qxf3 Kh8
22. Qh5 Rg8 23. Qxh4 Qe7 24. Qg4 Bc8 25. Qg3 Bb7 26. h4 Rg7 27. h5 Rag8 28. f4
f5 29. e5 dxe5 30. Qe3 exf4 31. Qxf4 Rxg5 32. Qe5+ Qg7 33. Qxg7+ R8xg7 34. Rxg5
Rxg5 35. O-O-O Rg8 36. Re1 Re8 37. Re5 Kg7 38. Rxc5 f4 39. Re5 f3 40. Re1 f2
41. Rf1 Rf8 42. Kd2 Bg2 43. Ke2 Bxf1+ 44. Kxf1 Kh6 45. Nxb4 Kxh5 46. c4 Kg4 47.
Nc2 h5 48. Ne3+ Kf3 49. Ng2 Rg8 50. Nh4+ Kg3 51. Ng2 h4 52. Nxh4 Kxh4 53. Kxf2
Rb8 54. Ke3 Rxb2 55. Kd4 Rc2 56. Kc5 Kg5 57. Kd6 Rc3 58. Kxe6 Rxd3 59. c5 Rd8
60. c6 Rd1 61. c7 Re1+ 62. Kd7 Rd1+ 63. Kc8 Kf6 64. Kb7 Rb1+ 65. Ka7 Ra1+ 66.
Kb7 Rb1+ 67. Kc8 Ke6 68. Kd8 Rd1+ 69. Kc8 Kd6 70. Kd8 Rh1 71. Ke8 Kxc7 72. Ke7
Re1+ 73. Kf7 Kd6 74. Kf8 Kd7 75. Kf7 Rf1+ 0-1

[Event "Quebec-ch qual."]
[Site "Montreal CAN"]
[Date "2019.02.02"]
[Round "1.1"]
[White "Masse, Hugues"]
[Black "Bouchard, Jean-Marc"]
[Result "1-0"]
[WhiteElo "2288"]
[BlackElo "1910"]
[PlyCount "145"]
[EventDate "2019.02.02"]
[EventType "swiss"]
[EventRounds "4"]
[EventCountry "CAN"]

1. e4 e6 2. d4 d5 3. Nc3 Nf6 4. e5 Nfd7 5. f4 c5 6. Nf3 cxd4 7. Nxd4 Nc6 8. Be3
Bc5 9. Qd2 Nxd4 10. Bxd4 Bxd4 11. Qxd4 a6 12. O-O-O g6 13. g4 b5 14. h4 Qb6 15.
Qxb6 Nxb6 16. Bd3 Bb7 17. h5 O-O-O 18. g5 Nd7 19. Rh3 Nc5 20. b4 Nxd3+ 21. cxd3
Kd7 22. Ne2 Ra8 23. Kb2 Rhc8 24. Nd4 Bc6 25. Rc1 Bb7 26. Rxc8 Rxc8 27. Nb3 Rg8
28. Kc3 Kc6 29. Nc5 Bc8 30. Kd4 Rg7 31. Rh2 Rg8 32. Nb3 Kb6 33. Ke3 Bd7 34. Kd4
Rc8 35. Nc5 Be8 36. Nb3 Ra8 37. Rc2 Bc6 38. h6 Bd7 39. Rc1 Bc6 40. Na5 Bd7 41.
Rc5 Be8 42. Rc1 Bd7 43. Nb3 Bc6 44. Kc3 Bd7 45. Kb2 Bc6 46. Nd4 Bd7 47. Nf3 Bc6
48. Rc3 Be8 49. Rb3 Bd7 50. Ra3 Rc8 51. Nh2 Bc6 52. Nf3 Bd7 53. Rc3 Ra8 54. Rc2
Bc6 55. Rc1 Bd7 56. Rc2 Bc6 57. Kc1 Bd7 58. Kd2 Bc6 59. Ke3 Bd7 60. Nh2 Bc6 61.
Ng4 Rh8 62. Nf6 Kb7 63. Kd4 Be8 64. Kc5 Kc7 65. Rc3 Bc6 66. Ra3 Bb7 67. Ra5 Bc8
68. a4 bxa4 69. Rxa4 Bb7 70. Ra5 Bc8 71. b5 axb5 72. Kxb5 Kb7 73. Kc5 1-0

[Event "Quebec-ch qual."]
[Site "Montreal CAN"]
[Date "2019.02.02"]
[Round "1.3"]
[White "Soudre, Nicolas"]
[Black "Lesage, Philippe"]
[Result "1-0"]
[WhiteElo "2196"]
[BlackElo "1857"]
[PlyCount "105"]
[EventDate "2019.02.02"]
[EventType "swiss"]
[EventRounds "4"]
[EventCountry "CAN"]

1. e4 c5 2. Nf3 g6 3. d4 cxd4 4. Nxd4 Nc6 5. Be3 Bg7 6. c4 Nf6 7. Nc3 Ng4 8.
Qxg4 Nxd4 9. Qd1 e5 10. Bd3 O-O 11. O-O d6 12. Qd2 Be6 13. Nd5 Bxd5 14. cxd5 f5
15. f3 f4 16. Bxd4 exd4 17. Rac1 Qd7 18. Rc4 Rac8 19. Rfc1 Be5 20. Qc2 Rxc4 21.
Qxc4 Rf7 22. Qc8+ Qxc8 23. Rxc8+ Rf8 24. Rc2 Kg7 25. b4 a6 26. a4 Rf7 27. Kf1
g5 28. Ke2 h5 29. b5 axb5 30. Bxb5 Re7 31. Rc8 Kf7 32. Kd3 g4 33. h3 gxh3 34.
gxh3 Bf6 35. a5 Be5 36. Ba4 Bf6 37. Kc4 Be5 38. Kb5 Bf6 39. Kb6 d3 40. Rc7 Bd4+
41. Kxb7 Rxc7+ 42. Kxc7 Bc5 43. a6 Kf6 44. Kb7 Ke5 45. a7 Bxa7 46. Kxa7 Kd4 47.
Kb6 Ke3 48. e5 dxe5 49. d6 Kxf3 50. d7 Ke2 51. d8=Q f3 52. Bb5 e4 53. Qd4 1-0

[Event "Quebec-ch qual."]
[Site "Montreal CAN"]
[Date "2019.02.02"]
[Round "1.4"]
[White "Gauthier, Luc"]
[Black "Chabot, Roland"]
[Result "0-1"]
[WhiteElo "1650"]
[BlackElo "2178"]
[PlyCount "36"]
[EventDate "2019.02.02"]
[EventType "swiss"]
[EventRounds "4"]
[EventCountry "CAN"]

1. e4 c5 2. Nc3 e6 3. f4 Nc6 4. Nf3 d5 5. Bb5 Nge7 6. exd5 exd5 7. Ne5 a6 8.
Bxc6+ Nxc6 9. Nxc6 bxc6 10. d3 Qh4+ 11. Kf1 Be7 12. Qe1 Qf6 13. Qf2 Bf5 14. Na4
c4 15. d4 Qg6 16. Nc3 Bxc2 17. Be3 O-O 18. Qf3 Rab8 0-1

[Event "Quebec-ch qual."]
[Site "Montreal CAN"]
[Date "2019.02.02"]
[Round "1.5"]
[White "Zhong, Kevin"]
[Black "Adam, Rafael"]
[Result "1-0"]
[WhiteElo "2171"]
[BlackElo "1555"]
[PlyCount "57"]
[EventDate "2019.02.02"]
[EventType "swiss"]
[EventRounds "4"]
[EventCountry "CAN"]

1. e4 c5 2. Ne2 e6 3. d4 cxd4 4. Nxd4 Nc6 5. Nc3 a6 6. Nxc6 bxc6 7. Bd3 Nf6 8.
O-O Bc5 9. e5 Nd5 10. Ne4 Be7 11. Qg4 Rg8 12. Bg5 Bxg5 13. Nxg5 h6 14. Ne4 Kf8
15. c4 Nc7 16. Rfe1 Ne8 17. Re3 d5 18. exd6 Nxd6 19. Nxd6 Qxd6 20. Rd1 Qe7 21.
Bc2 Ra7 22. Qf3 Rc7 23. Red3 Ke8 24. Rd6 Bd7 25. Ba4 g5 26. Rxd7 Rxd7 27. Qxc6
a5 28. Qxd7+ Qxd7 29. Rxd7 1-0

[Event "Quebec-ch qual."]
[Site "Montreal CAN"]
[Date "2019.02.02"]
[Round "1.6"]
[White "Pelletier, Arnaud"]
[Black "Langlois-Remillard, Alexis"]
[Result "0-1"]
[WhiteElo "1538"]
[BlackElo "2165"]
[PlyCount "62"]
[EventDate "2019.02.02"]
[EventType "swiss"]
[EventRounds "4"]
[EventCountry "CAN"]

1. c4 c5 2. Nf3 Nf6 3. Nc3 b6 4. g3 Bb7 5. Bg2 e6 6. O-O Be7 7. d3 d6 8. Bd2
Nbd7 9. a4 O-O 10. Qc2 d5 11. cxd5 exd5 12. d4 Re8 13. e3 a6 14. Rfe1 Rc8 15.
Qd3 Ne4 16. Bc1 Ndf6 17. Nd2 Ng5 18. b3 Qd7 19. Qf1 cxd4 20. Nd1 dxe3 21. Nxe3
Bb4 22. Rd1 d4 23. Ndc4 Bxg2 24. Qxg2 Nh3+ 25. Kh1 Ne4 26. Ra2 dxe3 27. Rxd7
Nexf2+ 28. Rxf2 Nxf2+ 29. Kg1 e2 30. Qxf2 e1=Q+ 31. Kg2 Re2 0-1

[Event "Quebec-ch qual."]
[Site "Montreal CAN"]
[Date "2019.02.02"]
[Round "1.7"]
[White "Tanaka, Tyler"]
[Black "Navala, Anthony"]
[Result "1-0"]
[WhiteElo "2159"]
[BlackElo "1473"]
[PlyCount "81"]
[EventDate "2019.02.02"]
[EventType "swiss"]
[EventRounds "4"]
[EventCountry "CAN"]

1. e4 e6 2. d4 d5 3. Nd2 Nf6 4. e5 Nfd7 5. Bd3 c5 6. c3 Nc6 7. Ngf3 a6 8. O-O
Qb6 9. a3 cxd4 10. cxd4 Nxd4 11. Nxd4 Qxd4 12. Nf3 Qb6 13. Qc2 Nc5 14. Be3 Bd7
15. b4 Rc8 16. bxc5 Bxc5 17. Bxc5 Rxc5 18. Qb1 Qxb1 19. Raxb1 b5 20. Rbc1 Rxc1
21. Rxc1 O-O 22. Rc7 Bc8 23. Kf1 Rd8 24. Ra7 Rd7 25. Rxd7 Bxd7 26. Ke2 Kf8 27.
Kd2 Ke8 28. Kc3 Kd8 29. Kb4 Kc7 30. Kc5 h6 31. Nd4 Be8 32. f4 g6 33. g4 Bd7 34.
h4 Bc8 35. Nf3 Kd7 36. Nh2 Ke7 37. h5 gxh5 38. gxh5 Kd7 39. Ng4 Bb7 40. Nxh6
Ke7 41. Ng4 1-0

[Event "Quebec-ch qual."]
[Site "Montreal CAN"]
[Date "2019.02.02"]
[Round "1.8"]
[White "Tesar, Mathias"]
[Black "Turcotte, Jonathan"]
[Result "0-1"]
[WhiteElo "1470"]
[BlackElo "2080"]
[PlyCount "78"]
[EventDate "2019.02.02"]
[EventType "swiss"]
[EventRounds "4"]
[EventCountry "CAN"]

1. d4 d5 2. Bf4 c5 3. e3 Nc6 4. Nf3 Nf6 5. c3 Qb6 6. Qb3 c4 7. Qc2 Bf5 8. Qc1
e6 9. h3 h6 10. Nbd2 Be7 11. Be2 O-O 12. O-O Rfc8 13. Re1 Qd8 14. Bd1 b5 15.
Bc2 Bxc2 16. Qxc2 b4 17. e4 a5 18. e5 Nd7 19. Nh2 a4 20. Ng4 a3 21. b3 bxc3 22.
Qxc3 cxb3 23. Qe3 b2 24. Rab1 Nf8 25. Bxh6 gxh6 26. Nxh6+ Kg7 27. Ng4 Bg5 28.
f4 Bh4 29. Rf1 f5 30. exf6+ Bxf6 31. Nf3 Ne7 32. Nfe5 Nf5 33. Qd3 Qb6 34. Nxf6
Kxf6 35. Nf3 Ra4 36. Rfd1 Rcc4 37. g4 Rxd4 38. g5+ Kg7 39. Qc3 Rac4 0-1

[Event "Quebec-ch qual."]
[Site "Montreal CAN"]
[Date "2019.02.02"]
[Round "1.9"]
[White "Zheng, Richard"]
[Black "Rebhi, Mohamed"]
[Result "1-0"]
[WhiteElo "2073"]
[BlackElo "1325"]
[PlyCount "101"]
[EventDate "2019.02.02"]
[EventType "swiss"]
[EventRounds "4"]
[EventCountry "CAN"]

1. b3 e5 2. Bb2 Nc6 3. e3 d5 4. Bb5 Nge7 5. Bxe5 Bd7 6. Bb2 a6 7. Be2 Ng6 8.
Nf3 f6 9. d4 Bd6 10. c4 Be6 11. cxd5 Bxd5 12. Nc3 Nce7 13. O-O O-O 14. Nxd5
Nxd5 15. Bc4 c6 16. e4 Nge7 17. exd5 cxd5 18. Bd3 Rc8 19. Rc1 Nc6 20. g3 Qd7
21. Nh4 Ne7 22. f4 g6 23. Qf3 Kh8 24. Rxc8 Qxc8 25. Ng2 Bb4 26. Ne3 Rd8 27. h4
Bd2 28. Rd1 Bxe3+ 29. Qxe3 Re8 30. Re1 Kg7 31. Ba3 Kf7 32. f5 Qc7 33. Bxe7 Rxe7
34. Qxe7+ Qxe7 35. fxg6+ hxg6 36. Bxg6+ Kf8 37. Rxe7 Kxe7 38. h5 Kf8 39. h6 Kg8
40. Kf2 Kf8 41. Kf3 Kg8 42. Kf4 Kf8 43. g4 Kg8 44. Kf5 b5 45. Kxf6 b4 46. g5 a5
47. Bf7+ Kh7 48. g6+ Kxh6 49. g7 a4 50. g8=Q axb3 51. Qg6# 1-0

[Event "Quebec-ch qual."]
[Site "Montreal CAN"]
[Date "2019.02.02"]
[Round "1.10"]
[White "Perron, Bernard"]
[Black "Toenz, Antoine"]
[Result "0-1"]
[WhiteElo "1211"]
[BlackElo "2025"]
[PlyCount "120"]
[EventDate "2019.02.02"]
[EventType "swiss"]
[EventRounds "4"]
[EventCountry "CAN"]

1. e4 c6 2. Nf3 d5 3. Nc3 Nf6 4. Bd3 d4 5. e5 dxc3 6. exf6 cxd2+ 7. Bxd2 exf6
8. Qe2+ Be6 9. O-O Bc5 10. Bc4 O-O 11. Bxe6 Re8 12. Bxf7+ Kxf7 13. Qc4+ Qd5 14.
Qxd5+ cxd5 15. b4 Bb6 16. a4 Nc6 17. a5 Bc7 18. b5 Ne5 19. Nxe5+ Bxe5 20. Rad1
Red8 21. g3 Rac8 22. f4 Bb2 23. Be3 d4 24. Bf2 Rxc2 25. Rd3 Rc5 26. Rb3 Bc3 27.
a6 b6 28. Rd1 Rdd5 29. Rdb1 Ke6 30. Kg2 Kf5 31. Kf3 h5 32. h3 g6 33. g4+ hxg4+
34. hxg4+ Ke6 35. Be1 Bxe1 36. Rxe1+ Kd6 37. Reb1 Rc3+ 38. Rxc3 dxc3 39. Rc1
Rc5 40. Ke4 f5+ 41. gxf5 gxf5+ 42. Kd4 c2 43. Kd3 Kd5 44. Rxc2 Rxc2 45. Kxc2
Kc4 46. Kd2 Kxb5 47. Kd3 Kxa6 48. Kd4 b5 49. Ke5 b4 50. Kxf5 b3 51. Ke6 b2 52.
f5 b1=Q 53. f6 Qe4+ 54. Kf7 Kb6 55. Kg7 Qg4+ 56. Kf7 Kc6 57. Kf8 Qh5 58. Ke7
Qe5+ 59. Kf7 Kd6 60. Kg6 Ke6 0-1

[Event "Quebec-ch qual."]
[Site "Montreal CAN"]
[Date "2019.02.02"]
[Round "2.1"]
[White "Turcotte, Jonathan"]
[Black "Masse, Hugues"]
[Result "1/2-1/2"]
[WhiteElo "2080"]
[BlackElo "2288"]
[PlyCount "134"]
[EventDate "2019.02.02"]
[EventType "swiss"]
[EventRounds "4"]
[EventCountry "CAN"]

1. d4 Nf6 2. c4 e6 3. Nf3 b6 4. g3 Ba6 5. b3 Bb7 6. Bg2 Bb4+ 7. Bd2 c5 8. d5
O-O 9. O-O exd5 10. Nh4 Ne4 11. Bxb4 cxb4 12. cxd5 Qf6 13. Nd2 Nc3 14. Ne4 Qe5
15. Nxc3 bxc3 16. e4 d6 17. f4 Qf6 18. Re1 Nd7 19. Rc1 Rac8 20. Bh3 Rc7 21. Qd3
Re8 22. Nf5 g6 23. Nh6+ Kf8 24. Bxd7 Rxd7 25. Ng4 Qg7 26. Qxc3 Qxc3 27. Rxc3
Kg7 28. e5 Rc8 29. Rxc8 Bxc8 30. Rc1 Rd8 31. Nf6 Bb7 32. Rc7 dxe5 33. Rxb7 Kxf6
34. fxe5+ Kxe5 35. Rxf7 a5 36. Rxh7 Rxd5 37. Re7+ Kf5 38. Re2 g5 39. Kg2 g4 40.
Rf2+ Kg5 41. Rc2 Rd4 42. h3 gxh3+ 43. Kxh3 Rd6 44. Re2 Rh6+ 45. Kg2 Rc6 46. Rd2
Kf5 47. Kf2 Rc3 48. Kg2 Kg4 49. Rd4+ Kf5 50. Kh3 Rc2 51. Rd5+ Ke6 52. Rb5 Rxa2
53. Rxb6+ Kf5 54. Rb5+ Kg6 55. Kh4 a4 56. Rb6+ Kf7 57. b4 a3 58. Kg5 Rf2 59.
Rb7+ Kg8 60. g4 Rf7 61. Rb8+ Kg7 62. Ra8 Rb7 63. Rxa3 Rb5+ 64. Kh4 Rxb4 65. Kh5
Rb5+ 66. g5 Rb6 67. Ra7+ Kg8 1/2-1/2

[Event "Quebec-ch qual."]
[Site "Montreal CAN"]
[Date "2019.02.02"]
[Round "2.2"]
[White "Beaulieu, Eric"]
[Black "Tanaka, Tyler"]
[Result "1-0"]
[WhiteElo "2224"]
[BlackElo "2159"]
[PlyCount "109"]
[EventDate "2019.02.02"]
[EventType "swiss"]
[EventRounds "4"]
[EventCountry "CAN"]

1. Nf3 Nf6 2. g3 g6 3. Bg2 Bg7 4. O-O O-O 5. c4 d6 6. Nc3 Nc6 7. d4 a6 8. b3
Rb8 9. Bg5 b5 10. cxb5 axb5 11. d5 Na5 12. b4 Nc4 13. Qc1 Bd7 14. Nd4 Ne4 15.
Bxe4 Bxd4 16. Rd1 Bg7 17. Bh6 e5 18. dxe6 fxe6 19. Bxg7 Kxg7 20. Bg2 Qf6 21. f4
Qf7 22. Ne4 h6 23. a4 Kh7 24. axb5 Bxb5 25. Ra7 d5 26. Nc3 Qe7 27. e4 Rfc8 28.
exd5 Qxb4 29. Ne4 exd5 30. Rxd5 Bc6 31. Rd4 Qb6 32. Qxc4 Qxa7 33. Qf7+ Kh8 34.
Qf6+ Kh7 35. Qe7+ Kh8 36. Qe5+ Kg8 37. Nf6+ Kf8 38. Bxc6 Qa1+ 39. Kg2 Rb2+ 40.
Kh3 Qf1+ 41. Kg4 Qe2+ 42. Qxe2 Rxe2 43. Nd7+ Kg7 44. Nc5 Rf8 45. Rd7+ Kf6 46.
Rxc7 h5+ 47. Kh3 g5 48. Nd7+ Kf5 49. Be4+ Kxe4 50. Nxf8 g4+ 51. Kh4 Rxh2+ 52.
Kg5 Rh3 53. Rc3 Kd4 54. Ra3 Ke4 55. Nd7 1-0

[Event "Quebec-ch qual."]
[Site "Montreal CAN"]
[Date "2019.02.02"]
[Round "2.3"]
[White "Toenz, Antoine"]
[Black "Soudre, Nicolas"]
[Result "1/2-1/2"]
[WhiteElo "2025"]
[BlackElo "2196"]
[PlyCount "48"]
[EventDate "2019.02.02"]
[EventType "swiss"]
[EventRounds "4"]
[EventCountry "CAN"]

1. e4 e5 2. Nf3 Nc6 3. Bb5 a6 4. Ba4 Nf6 5. O-O Be7 6. Re1 b5 7. Bb3 O-O 8. c3
d5 9. exd5 Nxd5 10. Nxe5 Nxe5 11. Rxe5 c6 12. d4 Bd6 13. Re1 Qh4 14. g3 Qh3 15.
Bxd5 cxd5 16. Qf3 Bf5 17. Qxd5 Rad8 18. Qg2 Qh5 19. h4 Rfe8 20. Be3 Be4 21. Qh3
Bf5 22. Qg2 Be4 23. Qh3 Bf5 24. Qg2 Be4 1/2-1/2

[Event "Quebec-ch qual."]
[Site "Montreal CAN"]
[Date "2019.02.02"]
[Round "2.4"]
[White "Chabot, Roland"]
[Black "Zheng, Richard"]
[Result "0-1"]
[WhiteElo "2178"]
[BlackElo "2073"]
[PlyCount "68"]
[EventDate "2019.02.02"]
[EventType "swiss"]
[EventRounds "4"]
[EventCountry "CAN"]

1. e4 e5 2. Bc4 Bc5 3. Nf3 Nc6 4. d3 Nf6 5. O-O h6 6. c3 d6 7. b4 Bb6 8. a4 a6
9. Nbd2 O-O 10. a5 Ba7 11. h3 Be6 12. Bxe6 fxe6 13. Re1 Qe8 14. Nf1 Nh5 15. Be3
Nf4 16. Bxa7 Rxa7 17. Re3 Ra8 18. Ng3 Rf6 19. Qd2 Qf7 20. Nh2 h5 21. h4 Rf8 22.
Rf1 Qg6 23. Kh1 Nd8 24. d4 Nf7 25. d5 exd5 26. exd5 Nh6 27. Qd1 Nf5 28. Qe1
Nxe3 29. fxe3 Nxd5 30. Nf3 Nxe3 31. Qxe3 Qxg3 32. Qe4 c6 33. Rd1 Rf4 34. Qe1
Rxf3 0-1

[Event "Quebec-ch qual."]
[Site "Montreal CAN"]
[Date "2019.02.02"]
[Round "2.5"]
[White "Brunelle, Raymond"]
[Black "Zhong, Kevin"]
[Result "0-1"]
[WhiteElo "1140"]
[BlackElo "2171"]
[PlyCount "58"]
[EventDate "2019.02.02"]
[EventType "swiss"]
[EventRounds "4"]
[EventCountry "CAN"]

1. e4 c5 2. Nc3 Nc6 3. g3 g6 4. Bg2 Bg7 5. d3 d6 6. Be3 e5 7. Nge2 Nge7 8. Qd2
O-O 9. O-O Rb8 10. Bg5 Be6 11. Nd5 f6 12. Nxe7+ Qxe7 13. Bh6 Rbd8 14. Nc3 Nd4
15. Bxg7 Qxg7 16. a4 f5 17. exf5 Rxf5 18. Nd5 Nf3+ 19. Bxf3 Rxf3 20. Ne3 Rdf8
21. b4 cxb4 22. Qxb4 Qf7 23. Qd2 Bh3 24. Ng2 Qd5 25. Qh6 Bxg2 26. Qd2 Bxf1 27.
Rxf1 e4 28. Qe2 e3 29. c4 exf2+ 0-1

[Event "Quebec-ch qual."]
[Site "Montreal CAN"]
[Date "2019.02.02"]
[Round "2.6"]
[White "Langlois-Remillard, Alexis"]
[Black "Bilodeau-Savaria, Sandy-Rose"]
[Result "1-0"]
[WhiteElo "2165"]
[BlackElo "1034"]
[PlyCount "37"]
[EventDate "2019.02.02"]
[EventType "swiss"]
[EventRounds "4"]
[EventCountry "CAN"]

1. b3 c5 2. Bb2 e6 3. e3 Nc6 4. Nf3 Nf6 5. Bb5 Be7 6. O-O O-O 7. d3 Qc7 8. Nbd2
a6 9. Bxc6 Qxc6 10. Ne5 Qc7 11. f4 d6 12. Ng4 Nxg4 13. Qxg4 f6 14. Rf3 Kh8 15.
Rh3 b5 16. Qg6 h6 17. Rf1 Bd7 18. Rff3 Be8 19. Rxh6+ 1-0

[Event "Quebec-ch qual."]
[Site "Montreal CAN"]
[Date "2019.02.02"]
[Round "2.7"]
[White "Hernandez, Juan Felipe"]
[Black "Sekki, Abderaouf"]
[Result "0-1"]
[WhiteElo "1478"]
[BlackElo "1721"]
[PlyCount "106"]
[EventDate "2019.02.02"]
[EventType "swiss"]
[EventRounds "4"]
[EventCountry "CAN"]

1. e4 c5 2. Nf3 d6 3. c3 Nf6 4. Be2 e6 5. d3 Be7 6. Nbd2 Nbd7 7. d4 cxd4 8.
cxd4 b6 9. O-O O-O 10. e5 Nd5 11. Ne4 dxe5 12. dxe5 Qc7 13. Qd4 Bb7 14. Bg5 Bc5
15. Nxc5 bxc5 16. Qh4 Nxe5 17. Nxe5 Qxe5 18. Bd3 g6 19. Bc4 Qd4 20. Rac1 Qxh4
21. Bxh4 Nb6 22. Bb3 c4 23. Bxc4 Nxc4 24. Rxc4 Ba6 25. Rc7 Bxf1 26. Kxf1 Rfc8
27. Rxc8+ Rxc8 28. Bf6 Kf8 29. Ke2 Ke8 30. Kd3 Kd7 31. b4 Kd6 32. a4 e5 33. Bg5
Kd5 34. Be3 e4+ 35. Kd2 a6 36. b5 axb5 37. axb5 f6 38. h4 Rb8 39. b6 h6 40. f3
exf3 41. gxf3 h5 42. Ke2 Kc6 43. f4 Rd8 44. Kf3 Rd3 45. Ke4 Rb3 46. Bg1 Rg3 47.
Bf2 f5+ 48. Kd4 Rf3 49. Be3 Kxb6 50. Kd3+ Rxe3+ 51. Kxe3 Kc5 52. Kd3 Kd5 53.
Ke3 Kc4 0-1

[Event "Quebec-ch qual."]
[Site "Montreal CAN"]
[Date "2019.02.02"]
[Round "2.8"]
[White "Lesage, Philippe"]
[Black "Tesar, Mathias"]
[Result "1-0"]
[WhiteElo "1857"]
[BlackElo "1470"]
[PlyCount "63"]
[EventDate "2019.02.02"]
[EventType "swiss"]
[EventRounds "4"]
[EventCountry "CAN"]

1. c4 e6 2. Nf3 d5 3. g3 Nf6 4. Bg2 Be7 5. O-O O-O 6. d4 Nbd7 7. Nbd2 c5 8.
cxd5 Nxd5 9. Nc4 b5 10. Nce5 Bb7 11. Qb3 a6 12. Rd1 c4 13. Nxc4 Rc8 14. Nce5 g6
15. Nxd7 Qxd7 16. Bd2 Nb6 17. Ne1 Bxg2 18. Nxg2 Nc4 19. Ne3 Nxd2 20. Rxd2 Kh8
21. Rad1 a5 22. a3 a4 23. Qd3 Qb7 24. d5 Rfd8 25. Qe4 Rd6 26. Qf3 Rc5 27. dxe6
Qxf3 28. exf3 Rxd2 29. Rxd2 Rc8 30. Nf5 Bc5 31. e7 Bxe7 32. Nxe7 1-0

[Event "Quebec-ch qual."]
[Site "Montreal CAN"]
[Date "2019.02.02"]
[Round "2.9"]
[White "Navala, Anthony"]
[Black "Gauthier, Luc"]
[Result "0-1"]
[WhiteElo "1473"]
[BlackElo "1650"]
[PlyCount "114"]
[EventDate "2019.02.02"]
[EventType "swiss"]
[EventRounds "4"]
[EventCountry "CAN"]

1. d4 d5 2. c4 Nc6 3. Nc3 Nf6 4. Bg5 Ne4 5. Nxe4 dxe4 6. d5 e6 7. Bxd8 Bb4+ 8.
Qd2 Bxd2+ 9. Kxd2 Nxd8 10. e3 O-O 11. f3 exd5 12. cxd5 Re8 13. Bc4 a6 14. a4 b6
15. Ne2 Nb7 16. b4 Nd6 17. Bb3 Bb7 18. Rac1 Rac8 19. Ng3 c5 20. dxc6 Bxc6 21.
fxe4 Nxe4+ 22. Nxe4 Rcd8+ 23. Ke2 Bxe4 24. Kf2 Rd2+ 25. Ke1 Rb2 26. Bc4 Bxg2
27. Rf1 Rxe3+ 28. Kd1 Bxf1 29. Bxf1 Kf8 30. Bxa6 Rxh2 31. Rc8+ Re8 32. Rc6 Rb8
33. b5 Rh4 34. a5 bxa5 35. b6 Rh6 36. Rxh6 gxh6 37. b7 Ke7 38. Kd2 Kd6 39. Kc3
Kc5 40. Kb3 Kb6 41. Bd3 Rxb7 42. Bxh7 Re7 43. Bf5 h5 44. Bd3 Re3 45. Kc2 Rxd3
46. Kxd3 h4 47. Ke4 a4 48. Kf4 a3 49. Kg4 a2 50. Kxh4 a1=Q 51. Kg5 Qf1 52. Kh6
Qg2 53. Kh7 Kc6 54. Kh8 Kd6 55. Kh7 Ke6 56. Kh8 Kf6 57. Kh7 Qg7# 0-1

[Event "Quebec-ch qual."]
[Site "Montreal CAN"]
[Date "2019.02.02"]
[Round "2.10"]
[White "Adam, Rafael"]
[Black "Perron, Bernard"]
[Result "1-0"]
[WhiteElo "1555"]
[BlackElo "1211"]
[PlyCount "61"]
[EventDate "2019.02.02"]
[EventType "swiss"]
[EventRounds "4"]
[EventCountry "CAN"]

1. c4 e5 2. Nf3 Nc6 3. Nc3 Nf6 4. d3 Bc5 5. g3 d6 6. Bg2 O-O 7. O-O a6 8. Bg5
Be6 9. Ne4 Ba7 10. Nxf6+ gxf6 11. Bh6 Re8 12. e4 Rb8 13. Nh4 Nd4 14. Nf5 Nxf5
15. Qg4+ Kh8 16. exf5 Rg8 17. Qh5 Rg5 18. Bxg5 fxg5 19. fxe6 f6 20. Be4 Qe7 21.
h4 Rg8 22. hxg5 Rxg5 23. Qh3 Qg7 24. Kg2 c6 25. Rh1 h5 26. Bf3 Qh7 27. Bxh5 Rf5
28. Raf1 Rxh5 29. Qxh5 Qxh5 30. e7 Kg8 31. Rxh5 1-0

[Event "Quebec-ch qual."]
[Site "Montreal CAN"]
[Date "2019.02.02"]
[Round "2.11"]
[White "Rebhi, Mohamed"]
[Black "Pelletier, Arnaud"]
[Result "0-1"]
[WhiteElo "1325"]
[BlackElo "1538"]
[PlyCount "78"]
[EventDate "2019.02.02"]
[EventType "swiss"]
[EventRounds "4"]
[EventCountry "CAN"]

1. d4 Nf6 2. Nf3 g6 3. Bf4 Bg7 4. h3 O-O 5. e3 d6 6. Nbd2 b6 7. c3 Bb7 8. Be2
Nbd7 9. Qc2 c5 10. g4 Rc8 11. g5 Nd5 12. Bh2 cxd4 13. exd4 Re8 14. Rg1 a6 15.
Nh4 b5 16. Ndf3 N7b6 17. Rd1 Qd7 18. Rg4 Nc4 19. Ng2 b4 20. Bxc4 Rxc4 21. Nd2
Rcc8 22. c4 Nb6 23. b3 Bxg2 24. Rxg2 Qxh3 25. Kf1 Bxd4 26. Qe4 Bc5 27. Nf3 Qe6
28. Qh4 f6 29. Bf4 Qf7 30. Rh2 e5 31. gxf6 exf4 32. Ng5 Qxf6 33. Qxh7+ Kf8 34.
Qh6+ Ke7 35. Re1+ Kd7 36. Qh7+ Kc6 37. Ne4 Qh8 38. Qxg6 Qxh2 39. Nf6 Qxf2# 0-1